| 000 | 00506nam a2200205Ia 4500 | ||
|---|---|---|---|
| 008 | 180523s9999 xx 000 0 und d | ||
| 020 | _a971-08-5641-3 | ||
| 050 | _aMAIN QC 23 | ||
| 050 | _b.B45 1992 c.1 | ||
| 100 | _aBeiser, Arthur. | ||
| 245 | 0 | _aModern technical physics / | |
| 245 | 0 | _cArthur Beiser. | |
| 250 | _a6th Edition | ||
| 260 | _bAddison-Wesley Publishing, | ||
| 260 | _c1992 | ||
| 300 | _a911 pages : | ||
| 300 | _c24 cm. | ||
| 500 | _aIncludes index. | ||
| 650 | _aPhysics. | ||
| 999 |
_c357518 _d357518 |
||